000 02226nab a22003017a 4500
999 _c5405
_d5405
003 OSt
005 20250311134444.0
008 190604e xxu||||| |||| 00| 0 spa d
040 _cPJ
100 _96431
_aRomano, Francisco Javier
245 1 0 _aLey Bases :
_banálisis crítico de las reformas a la Ley de Hidrocarburos /
_cFrancisco Javier Romano.
260 _aCiudad Autónoma de Buenos Aires :
_bThomson Reuters La Ley,
_c2024.
300 _ap. 37-74
500 _aCita Online: TR LALEY AR/DOC/1831/2024.
505 _aI. Introducción.— II. Reformas a la Ley de Hidrocarburos en la Ley de Bases: nuevos objetivos de política nacional.— III. Libertad de precios y exportaciones. Persistencia de derechos de exportación.— IV. Exportaciones de LNG. Reforma de la ley del gas y caso particular de la exportación estratégica a largo plazo en el régimen de incentivos a las grandes inversiones.— IV. RIGI. Proyectos de inversión.— V. Modos de adquisición de nuevas concesiones de explotación en el derecho argentino. Regla general: pliegos, plazos y prórrogas; procedimiento y criterio de adjudicación.— VI. Modos de adquisición de nuevas concesiones en el derecho argentino. Casos excepcionales: reconversión por subdivisión de áreas, unificación de áreas adyacentes y coexistencia de operaciones convencionales y no convencionales.— VII. Plazos.— VIII. Status de las concesiones existentes. Prórrogas.— IX. Autorizaciones de transporte y habilitaciones de procesamiento y de almacenamiento subterráneo.— X. Conclusiones.
505 _t¿Te interesa el texto completo? Solicitalo al correo: koha@justierradelfuego.gov.ar
650 0 _93979
_aHIDROCARBUROS
650 0 _96432
_aEXPLOTACION DE HIDROCARBUROS
650 0 _94682
_aGAS
650 0 _96433
_aREGALÍAS PETROLÍFERAS
650 0 _91497
_aCODIGO CIVIL Y COMERCIAL
650 0 _94429
_aEMPLEO NO REGISTRADO
650 0 _94925
_aORGANIZACION INTERNACIONAL DEL TRABAJO
650 0 _91576
_aDISCRIMINACION
650 0 _9234
_aDERECHO COMPARADO
773 0 _02714
_93171
_dCiudad Autónoma de Buenos Aires : Thomson Reuters La Ley, 2014-
_tRevista anales de legislación argentina. Nº 8 - Agosto 2024.
942 _2udc
_cANA